The ironing man / (Record no. 3242)
[ view plain ]
| 000 -LEADER | |
|---|---|
| fixed length control field | 01183cac a22003611u 4500 |
| 003 - CONTROL NUMBER IDENTIFIER | |
| control field | EG-ScBUE |
| 005 - DATE AND TIME OF LATEST TRANSACTION | |
| control field | 20220615103941.0 |
| 006 - FIXED-LENGTH DATA ELEMENTS--ADDITIONAL MATERIAL CHARACTERISTICS--GENERAL INFORMATION | |
| fixed length control field | m||||fq||h 00| 0 |
| 008 - FIXED-LENGTH DATA ELEMENTS--GENERAL INFORMATION | |
| fixed length control field | 100609r20061999enka f 000 0 eng d |
| 020 ## - INTERNATIONAL STANDARD BOOK NUMBER | |
| International Standard Book Number | 9780521686143 |
| 020 ## - INTERNATIONAL STANDARD BOOK NUMBER | |
| International Standard Book Number | 0521686148 |
| 040 ## - CATALOGING SOURCE | |
| Original cataloging agency | EG-ScBUE |
| Language of cataloging | eng |
| Description conventions | rda |
| Transcribing agency | EG-ScBUE |
| Modifying agency | EG-ScBUE |
| 082 04 - DEWEY DECIMAL CLASSIFICATION NUMBER | |
| Classification number | 428.64 |
| Item number | CAM |
| Edition number | 22 |
| 100 1# - MAIN ENTRY--PERSONAL NAME | |
| Personal name | Campbell, Colin, |
| Relator term | author. |
| 9 (RLIN) | 14628 |
| 245 14 - TITLE STATEMENT | |
| Title | The ironing man / |
| Statement of responsibility, etc | Colin Campbell. |
| 250 ## - EDITION STATEMENT | |
| Edition statement | Thirteen printing. |
| 264 #1 - PUBLICATION, DISTRIBUTION, ETC. (IMPRINT) | |
| Place of publication, distribution, etc | Cambridge : |
| Name of publisher, distributor, etc | Cambridge University Press, |
| Date of publication, distribution, etc | 2006. |
| 300 ## - PHYSICAL DESCRIPTION | |
| Extent | 64 pages : |
| Other physical details | illustrations ; |
| Dimensions | 20 cm + |
| Accompanying material | 2 CD. |
| 336 ## - CONTENT TYPE | |
| Source | rdacontent |
| Content type term | text |
| Content type code | txt |
| 336 ## - CONTENT TYPE | |
| Source | rdacontent |
| Content type term | sounds |
| Content type code | snd |
| 337 ## - MEDIA TYPE | |
| Source | rdamedia |
| Media type term | unmediated |
| Media type code | n |
| 337 ## - MEDIA TYPE | |
| Source | rdamedia |
| Media type term | audio |
| Media type code | s |
| 338 ## - CARRIER TYPE | |
| Source | rdacarrier |
| Carrier type term | volume |
| Carrier type code | nc |
| 338 ## - CARRIER TYPE | |
| Source | rdacarrier |
| Carrier type term | computer disc |
| Carrier type code | cd |
| 490 0# - SERIES STATEMENT | |
| Series statement | Cambridge English readers ; |
| Volume number/sequential designation | level 3 |
| 650 #7 - SUBJECT ADDED ENTRY--TOPICAL TERM | |
| Topical term or geographic name as entry element | Readers for new literates. |
| Source of heading or term | BUEsh |
| 9 (RLIN) | 14629 |
| 650 #7 - SUBJECT ADDED ENTRY--TOPICAL TERM | |
| Topical term or geographic name as entry element | Readers (Adult) |
| Source of heading or term | BUEsh |
| 9 (RLIN) | 14630 |
| 650 #7 - SUBJECT ADDED ENTRY--TOPICAL TERM | |
| Topical term or geographic name as entry element | High interest-low vocabulary books. |
| Source of heading or term | BUEsh |
| 9 (RLIN) | 14631 |
| 651 ## - SUBJECT ADDED ENTRY--GEOGRAPHIC NAME | |
| Source of heading or term | BUEsh |
| 653 ## - INDEX TERM--UNCONTROLLED | |
| Resource For college | Humanities: English |
| 655 ## - INDEX TERM--GENRE/FORM | |
| Form subdivision | Reading book |
| 9 (RLIN) | 34232 |
| 942 ## - ADDED ENTRY ELEMENTS (KOHA) | |
| Koha item type | Book - Borrowing |
| Call number prefix | 428.64 CAM |
| Source of classification or shelving scheme | Dewey Decimal Classification |
| Withdrawn status | Lost status | Source of classification or shelving scheme | Materials specified (bound volume or other part) | Damaged status | Not for loan | Home library | Current library | Shelving location | Date acquired | Source of acquisition | Total Checkouts | Total Renewals | Full call number | Barcode | Date last seen | Date checked out | Koha item type | Collection code | Cost, normal purchase price | Serial Enumeration / chronology | Price effective from | Public note |
|---|---|---|---|---|---|---|---|---|---|---|---|---|---|---|---|---|---|---|---|---|---|---|
| Lost | Dewey Decimal Classification | Lost_In_Inventory_12-2-2024 | Central Library | Central Library | Second Floor | 03/04/2007 | Purchase | 12 | 4 | 428.64 CAM | 000030147 | 24/08/2022 | 19/04/2015 | Book - Borrowing | ||||||||
| Dewey Decimal Classification | Central Library | Central Library | Second Floor | 09/06/2010 | 1 | 428.64 CAM | 000020911 | 15/07/2025 | 27/10/2011 | Book - Borrowing | Baccah | 90.00 | 10267 | 09/06/2010 | ||||||||
| Dewey Decimal Classification | Central Library | Central Library | Second Floor | 09/06/2010 | 2 | 11 | 428.64 CAM | 000020910 | 15/07/2025 | 30/03/2016 | Book - Borrowing | Baccah | 90.00 | 10267 | 09/06/2010 | |||||||
| Dewey Decimal Classification | Central Library | Central Library | Second Floor | 09/06/2010 | 428.64 CAM | 000020909 | 24/08/2022 | CD | DVD - With book | Baccah | 10267 | 09/06/2010 | CD 2 (chapters 6-10) | ||||||||||
| Dewey Decimal Classification | Central Library | Central Library | Second Floor | 09/06/2010 | 428.64 CAM | 000020908 | 24/08/2022 | CD | DVD - With book | Baccah | 10267 | 09/06/2010 | CD 1 (chapters 1-5) | ||||||||||
| Dewey Decimal Classification | Lost In Inventory_2018-08-12 | Central Library | Central Library | Second Floor | 09/06/2010 | 428.64 CAM | 000020907 | 24/08/2022 | CD | DVD - With book | Baccah | 10267 | 09/06/2010 | CD 1 (chapters 1-5) | |||||||||
| Dewey Decimal Classification | Central Library | Central Library | Second Floor | 09/06/2010 | 428.64 CAM | 000020906 | 24/08/2022 | CD | DVD - With book | Baccah | 10267 | 09/06/2010 | CD 2 (chapters 6-10) |